000 00440nmm a2200157Ia 4500
008 251105s9999||||xx |||||||||||||||||und||
020 _a9789586487542
041 _aspa
100 _aMesa, Mario
245 0 _aFundamentos de marketing
264 _a[Bogotá, Colombia] :
_bEcoe Ediciones,
_c2012
300 _a282 páginas
650 _aEconomics and Business
856 _uhttps://public.digitaliapublishing.com/a/102954
942 _cCF
999 _c95368
_d95368